Siempre piloto de caza / (Record no. 116430)

MARC details
000 -LEADER
campo de control de longitud fija 00520nam a2200169 4500
001 - NÚMERO DE CONTROL
campo de control 116430
003 - IDENTIFICADOR DE NÚMERO DE CONTROL
campo de control ES-MaACL
005 - FECHA Y HORA DE LA ÚLTIMA TRANSACCIÓN
campo de control 20230906190715.0
007 - CAMPO FIJO DE DESCRIPCIÓN FÍSICA--INFORMACIÓN GENERAL
campo de control de longitud fija t|
008 - DATOS DE LONGITUD FIJA--INFORMACIÓN GENERAL
campo de control de longitud fija 061121s1967 sp r ||||1| spa d
100 1# - ENTRADA PRINCIPAL--NOMBRE DE PERSONA
Nombre de persona Osterkamp, Theo.
9 (RLIN) 87813
245 10 - MENCIÓN DEL TÍTULO
Título Siempre piloto de caza /
Mención de responsabilidad, etc. Theo Osterkamp ; traducción de José Patricio Montojo.
260 ## - PUBLICACIÓN, DISTRIBUCIÓN, ETC.
Lugar de publicación, distribución, etc. Madrid :
Nombre del editor, distribuidor, etc. Uriarte,
Fecha de publicación, distribución, etc. 1967.
300 ## - DESCRIPCIÓN FÍSICA
Extensión 357 p., 8 lám. :
Otras características físicas il. ;
Dimensiones 22 cm.
700 1# - ENTRADA AGREGADA--NOMBRE PERSONAL
Nombre de persona Montojo, José Patricio.
9 (RLIN) 82669
852 ## - LOCALIZACIÓN
Ubicación ES-MaACL
Número de control de estantería C-50462
Sublocalización o colección R.68367
Holdings
Estatus retirado Estado de pérdida Estado de daño No para préstamo Biblioteca de origen Biblioteca actual Ubicación en estantería Fecha de adquisición Fuente de adquisición Total de préstamos Signatura topográfica completa Código de barras Visto por última vez Precio de reemplazo Tipo de ítem Koha
        Biblioteca del Ateneo de Madrid Biblioteca del Ateneo de Madrid Depósito 2 17/01/2008     C-50462 1121412 23/02/2023 23/02/2023 Libro impreso